The Domesticity of Their Darkness

Saved in:

Main Author: Ferris, Iain (Author)

Format: Book

Published: Oxford Archaeopress Publishing Ltd 2025

Tags: Add Tag

No Tags, Be the first to tag this record!

Call Number:

LEADER 00620namaa2200169 4500
001 9781805831150
003 UkOxAP
005 20260405155018.0
020 |a 9781805831167 
776 1 |x 9781805831150 
245 0 0 |a The Domesticity of Their Darkness 
100 1 |a Ferris, Iain  |e Author  |l English 
856 4 2 |a http://library.arce.org:8087/Archaeopress/Products/9781805831167 
260 |a Oxford  |b Archaeopress Publishing Ltd  |c 2025 
270 |a Archaeopress Publishing Ltd, Summertown Pavillion, 18 -24 Middle Way, Summertown  |b Oxford  |d United Kingdom  |e OX2 7LG  |k 44-1865-311914  |m info@archaeopress.com 
942 |2 lcc  |c EBOOK 
999 |c 62138  |d 62138